Las Jornadas populares: un proyecto de participación popular en Nicaragua
Enregistré dans:
| Format: | Texte |
|---|---|
| Sujets: | |
| Tags: |
Ajouter un tag
Pas de tags, Soyez le premier à ajouter un tag!
|
MARC
| LEADER | 00000 a a2200000 04500 | ||
|---|---|---|---|
| 001 | 47543 | ||
| 003 | |||
| 040 | |||
| 090 | |a REV0857 6 (17) 1980 | ||
| 245 | |a Las Jornadas populares: |b un proyecto de participación popular en Nicaragua | ||
| 500 | |a Ponencia presentada por la División de Educación y Comunicación Popular en Salud, Ministerio de Salud, Nicaragua; al VII Seminario Regional del "Programa Participación Popular en Centroamérica" | ||
| 650 | |a PARTICIPACION COMUNITARIA | ||
| 650 | |a MOVIMIENTOS DE LIBERACION | ||
| 650 | |a SALUD | ||
| 650 | |a NICARAGUA | ||
| 773 | |g volumen6, número17, setiembre-diciembre (1980) | ||
| 999 | |c 39120 |d 39120 | ||
